| 000 | 00535nam a22001937a 4500 | ||
|---|---|---|---|
| 003 | OSt | ||
| 005 | 20180116183042.0 | ||
| 008 | 160223b xxu||||| |||| 00| 0 eng d | ||
| 020 | _a09-036-89-1 | ||
| 024 | _209-036-89-1 | ||
| 040 | _cLahore University of Management Sciences | ||
| 082 | _a174.4 LUM 1989 | ||
| 100 | _aALI I, HASAN N | ||
| 245 |
_aBRIGHT PAINTS _c ALI I, HASAN N |
||
| 260 |
_aLahore _bLahore University of Management Sciences _c1989 |
||
| 300 |
_a9 p. _bPapers |
||
| 440 | _aBRIGHT PAINTS | ||
| 942 |
_2ddc _cCS |
||
| 999 |
_c351277 _d351277 |
||